Vista normal Vista MARC

Entrada Personal Name

Número de registros utilizados en: 1

001 - CONTROL NUMBER

  • control field: 40400

003 - CONTROL NUMBER IDENTIFIER

  • control field: OSt

005 - DATE AND TIME OF LATEST TRANSACTION

  • control field: 20210914190325.0

008 - FIXED-LENGTH DATA ELEMENTS

  • fixed length control field: 210914|| aca||aabn | a|a d

040 ## - CATALOGING SOURCE

  • Original cataloging agency: OSt
  • Transcribing agency: OSt

100 ## - HEADING--PERSONAL NAME

  • Personal name: Polo, Marco,
  • Dates associated with a name: 1254-1324
  • General subdivision: Itinerarios

670 ## - SOURCE DATA FOUND

  • Source citation: Work cat.: (OSt): Polo, Marco, autor 40399, El libro de Marco Polo : , 2007